000 00312nam a2200133Ia 4500
005 20251222140105.0
008 251222s1900||||xx |||||||||||||| ||spa||
082 _a190/D77
100 _aDilthey, Wilhelm
245 0 _aPoética, la Imaginación del Poeta:
250 _a2a.ed.
264 _bLosada
942 _cLIB
999 _c4085
_d4085